000 01306cam a22003614a 4500
001 13739042
005 20160711090845.0
008 041001s2005 paua 001 0 eng
010 _a 2004023252
020 _a0781753090
035 _a(DNLM)101231062
040 _aDNLM/DLC
_cDLC
_dDLC
042 _apcc
050 0 0 _aQM31
_b.C54 2005
060 1 0 _aQS 18.2
_bC559g 2005
082 0 0 _a611
_222
100 1 _aChung, Kyung Won.
245 1 0 _aGross anatomy /
_cKyung Won Chung.
250 _a5th ed.
260 _aPhiladelphia :
_bLippincott Williams & Willkins,
_cc2005.
300 _axii, 530 p. :
_bill. ;
_c25 cm.
440 0 _aBoard review series
500 _aIncludes index.
650 0 _aHuman anatomy
_vOutlines, syllabi, etc.
650 0 _aHuman anatomy
_vExaminations, questions, etc.
650 1 2 _aAnatomy
_vExamination Questions.
650 1 2 _aAnatomy
_vProgrammed Instruction.
856 4 1 _3Table of contents
_uhttp://www.loc.gov/catdir/toc/ecip051/2004023252.html
856 4 2 _3Publisher description
_uhttp://www.loc.gov/catdir/enhancements/fy0712/2004023252-d.html
906 _a7
_bcbc
_corignew
_d1
_eecip
_f20
_gy-gencatlg
942 _2lcc
_cBOOKS
_hQM 31 .C54 2005
999 _c11544
_d11544